000 00506nam a2200181 4500
001 126666
003 ES-MaACL
007 t|
008 070214s1982 sp r ||||1| spa d
100 1 _aResina, Juan Ramón.
_996326
245 1 0 _aMonólogos con alguien de mí mismo /
_cJuan Ramón Resina.
260 _aMadrid :
_bOrnigraf,
_c1982.
300 _a68 p. ;
_c19 cm.
490 1 _aFernando Rielo
830 0 _aFernando Rielo
_9219130
852 _aES-MaACL
_jL-3525
_bR.104057
999 _c126666
_d126666